The complete book of beans /

Bibliographic Details
Main Author: Hériteau, Jacqueline
Format: Book
Language:English
Published: New York : Hawthorn Books, [1978]
Subjects:

MARC

Tag First Indicator Second Indicator Subfields
LEADER 00000cam a2200000 i 4500
001 in00002425793
005 20190207101219.0
008 780915s1978 nyua 001 0 eng
010 |a  77092314  
019 |a 3966622 
020 |a 0801514746 :  |c $8.95 
020 |a 9780801514746 
029 1 |a NZ1  |b 2641045 
035 |a (OCoLC)ocm03956098 
035 |a (OCoLC)3956098  |z (OCoLC)3966622 
040 |a DLC  |c DLC  |d TXA  |d UtOrBLW 
049 |a TXAM 
050 0 0 |a TX803.B4  |b H47 1978 
082 0 |a 641.3/5/65 
100 1 |a Hériteau, Jacqueline. 
245 1 4 |a The complete book of beans /  |c Jacqueline Hériteau. 
264 1 |a New York :  |b Hawthorn Books,  |c [1978] 
264 4 |c ©1978 
300 |a 194 pages :  |b illustrations ;  |c 24 cm. 
336 |a text  |b txt  |2 rdacontent 
337 |a unmediated  |b n  |2 rdamedia 
338 |a volume  |b nc  |2 rdacarrier 
500 |a The Cushing Library/Chapman Texas Collection copy is part of the Floyd & Louise Chapman Texas & Borderlands Collection.  |5 TXA 
500 |a Includes indexes. 
500 |a "The Texas Cookbook Collection." 
536 |a The Cushing Library/Texas & Borderlands copy was donated by Bonnie and John Kamenar. 
650 0 |a Cooking (Beans) 
650 0 |a Cooking, American. 
948 |a cataloged  |b h  |c 2008/10/28  |d c  |e ceaton  |f 12:39:45 pm 
994 |a C0  |b TXA 
999 |a MARS 
999 f f |s b15d384f-8082-3261-8197-09973e84c5b5  |i 0ec2ba33-5cd2-3883-85a4-243384582877  |t 0 
952 f f |p noncirc  |a Texas A&M University  |b College Station  |c Cushing Memorial Library & Archives  |d Cushing: Chapman Texas Collection (Does not check out)  |t 0  |e TX803.B4 H47 1978  |h Library of Congress classification  |i unmediated -- volume 
998 f f |a TX803.B4 H47 1978  |t 0  |l Cushing: Chapman Texas Collection (Does not check out)